Filozofie dějin umění

Salvato in:
Dettagli Bibliografici
Autori principali: Hauser, Arnold (Autore), Pánek, Bohumil (Autore)
Natura: Libro
Pubblicazione: Praha : Odeon, 1975
Soggetti:
Tags: Aggiungi Tag
Nessun Tag, puoi essere il primo ad aggiungerne!!

MARC

LEADER 00000nam a22000003a 4500
001 stu74445
005 20150617225650.3
008 020228s1975----------------------------d
040 |a STU  |b slo 
041 0
100 1 |a Hauser, Arnold  |4 aut 
245 1 |a Filozofie dějin umění  
260 |a Praha :  |b Odeon,  |c 1975 
300 |a 316 s 
650 7 |a umenie  |2 stusub 
650 7 |a dejiny umenia  |2 stusub 
700 1 |a Pánek, Bohumil  |4 aut 
996 |b 284AU00139  |c A*3640 U  |l AAKNAR  |s A  |a 24  |w stu74445_0001